Countries With The Same First and Last Letter - Statistics

General Stats
  • This quiz has been taken 101 times
    89 since last reset
  • The average score is 10 of 14
Answer Stats
Starts / Ends with... Country % Correct
A Australia
91%
A Armenia
87%
A Austria
86%
A Angola
80%
A Albania
79%
A Andorra
75%
A Argentina
75%
S Seychelles
64%
A Algeria
63%
A Antigua and Barbuda
63%
S Saint Kitts and Nevis
58%
S Solomon Islands
50%
S Saint Vincent and the Grenadines
49%
C Central African Republic
45%
No matching quizzes found
Score Distribution
Percent of People with Each Score
Percentile by Number Answered
Your Score History
You have not taken this quiz since the last reset